People depicted in banknotes by picture - Statistics

General Stats
  • This quiz has been taken 70 times
  • The average score is 7 of 15
Answer Stats
Picture Answer % Correct
Elizabeth II
94%
Nikola Tesla
90%
Saddam Hussein
87%
Cristopher Columbus
85%
Vladimir Lenin
81%
Andrew Jackson
77%
Mustafa Kemal
60%
Golda Meir
44%
Sukarno
32%
Hernán Cortés
26%
Giuseppe Verdi
24%
Muhammad Ali Jinnah
18%
Erwin Schrödinger
11%
Mohammed VI
6%
Ramesses II
3%
No matching quizzes found
Score Distribution
Percent of People with Each Score
Percentile by Number Answered
Your Score History
You have not taken this quiz